02089cam a2200481 u 450000500170000000800410001704000230005804100080008104400070008908200190009611000460011524502140016126000510037530000620042665000480048865000440053665000620058065000490064270000400069170000310073170000390076270000340080170000360083570000320087170000400090370000320094370000420097570000310101770000330104870000420108170000400112370000490116370000360121270000370124870000430128570000320132870000360136070000390139670000350143570000400147070000450151070000520155520160506104110.0010304s2000 ck a r 00010 spa d ala cladCO-BoIAVH0 aspa ack04a333.72 bP96n 2 aInstituto Nacional de Vías c(Colombia)10aPrograma nacional de cultura vial y tecnologías limpias en la gestión socio-ambiental y predial del sector carretero en Colombia / cInstituto Nacional de Vías ; Blanca Hernández Peña ...[y otros23]. aSanta Fe de Bogotá : bEl Instituto, c2000. a379 páginas : bilustraciones ; c24 x 17 centímetros16aCarreterasxAspectos ambientaleszColombia.26aControl ambientalvProgramaszColombia.26aGestión ambientalxComunicaciónvProgramaszColombia.26aProtección ambientalvProgramaszColombia.1 aHernández Peña, Blanca.eautora1 aArciniegas, Camilo.eautor1 aMonedero Aranda, Cristina.eautora1 aGuhl Nannetti, Ernestoeautor1 aCabrera Bernal, Fabricioeautor1 aMalaver Soto Gustavoeautor1 aGónzalez Camargo, Hernandoeautor1 aSilva López, Jairoeautor1 aBarragán Martínez, Janetheautora1 aHerrera, Juan Davideautor1 aArellano, Juan Manueleautor1 aSaavedra Salazar, Luis Eduardoeautor1 aPeña Van Strahlen, Luis H.eautor1 aRodríguez de Grueso, María Elenaeautora1 aReyes, María Mercedeseautora1 aGalvez, María Fernandaeautora1 aSilva Pulgarín, Mario Estebaneautor1 aLuna Candelo, Nancyeautora1 aCastro Lalinde, Paulinaeautora1 aCastro Lalinde, Luz Amandaeautora1 aCastro Rengifo, Ximenaeautora1 aCubillos Quintero, Alexandereautor1 aCastaño Uribe, Carlos, eautoreeditor1 aLondoño Sánchez, Fabiana, eautoraeeditora